| 000 | 01080nas a2200349 4500 | ||
|---|---|---|---|
| 001 | BR2014003824 | ||
| 003 | BR-BrBNA | ||
| 005 | 20231205124138.0 | ||
| 007 | ta | ||
| 008 | 230509b bl.|||p| |||| 00| 00por d | ||
| 040 |
_aBR-BrBNA _bpor _cBiblioteca Nacional de Agricultura |
||
| 041 | _a(En) | ||
| 072 | _aL02; Q04 | ||
| 100 | 1 | _aSilva-Kazama, D.C. da | |
| 100 | 1 | _aSantos, G.T. dos | |
| 100 | 1 | _aPintro, P.T.M. | |
| 100 | 1 | _aVisentainer, J.V. | |
| 100 | 1 | _aKazama, R. | |
| 100 | 1 | _aPeti, H.V. | |
| 100 | 1 | _aMarchi, E. de | |
| 245 | 1 | _aEffect of storage on fatty profile of butter from cows fed whole or ground flaxseed with or without monensin | |
| 650 | _aGADO HOLANDÊS | ||
| 650 | _aÁCIDO GRAXO | ||
| 650 | _aLINHAÇA | ||
| 650 | _aMANTEIGA | ||
| 650 | _aARMAZENAMENTO | ||
| 650 | _aOXIDAÇÃO | ||
| 773 | 0 |
_tRevista Brasileira de Zootecnia (Brazil) _xISSN 1806-9290 _g(Oct 2010), v. 39(10) p. 2297-2303 _wBR2014003824 |
|
| 856 | 4 | 0 | _uhttp://www.scielo.br/pdf/rbz/v39n10/28.pdf |
| 909 |
_a202311 _bLúcia _c55 _dLúcia Elande |
||
| 942 |
_2AGRIS _n0 _cANA |
||
| 999 |
_c237521 _d237521 |
||